Sports Quiz

Random Sports Quiz

Atlanta Falcons All-Time Leaders Quiz Stats

 Plays Quiz not verified by Sporcle

Score 0/50 Timer 06:00
0 Plays Today
Hint Player % Correct
Passing YardsMatt Ryan
94.7%
Receiving YardsJulio Jones
91.8%
Passing YardsMichael Vick
86.5%
Rushing YardsMichael Vick
86.5%
Receiving YardsRoddy White
86.5%
Rushing YardsMichael Turner
81.3%
Passing YardsChris Chandler
77.8%
Rushing YardsWarrick Dunn
74.3%
InterceptionsDeion Sanders
74.3%
Passing YardsSteve Bartkowski
71.9%
Rushing YardsJamal Anderson
70.8%
Receiving YardsTony Gonzalez
70.2%
Passing YardsRandy Johnson
67.8%
Rushing YardsGerald Riggs
66.1%
Receiving YardsAndre Rison
63.7%
Passing YardsChris Miller
62%
Rushing YardsWilliam Andrews
58.5%
SacksJohn Abraham
57.9%
SacksChuck Smith
55.6%
SacksBrady Smith
55.6%
Passing YardsJeff George
50.3%
Receiving YardsTerance Mathis
45.6%
Passing YardsBobby Hebert
43.3%
SacksPatrick Kerney
42.1%
SacksTravis Hall
42.1%
Hint Player % Correct
InterceptionsDeAngelo Hall
42.1%
Receiving YardsAlfred Jenkins
41.5%
InterceptionsRay Brown
39.8%
Receiving YardsAlge Crumpler
39.2%
Passing YardsBob Berry
31.6%
InterceptionsScott Case
29.8%
Receiving YardsJim Mitchell
29.2%
Passing YardsDavid Archer
28.7%
Rushing YardsDave Hampton
28.7%
InterceptionsRay Buchanan
28.1%
Rushing YardsHaskel Stanback
26.3%
InterceptionsRolland Lawrence
23.4%
SacksJonathan Babineaux
22.8%
Rushing YardsCannonball Butler
22.2%
InterceptionsBobby Butler
22.2%
SacksLester Archambeau
21.6%
Receiving YardsWallace Francis
21.1%
InterceptionsTom Pridemore
20.5%
Rushing YardsLynn Cain
19.9%
Receiving YardsMichael Haynes
18.1%
SacksRick Bryan
18.1%
InterceptionsKen Reaves
17.5%
SacksRoderick Coleman
15.2%
InterceptionsTom Hayes
15.2%
SacksMike Pitts
10.5%

You're not logged in!

Compare scores with friends on all Sporcle quizzes.
OR
Log In

You Might Also Like...

Show Comments

Extras

Top Quizzes Today


Score Distribution

Your Account Isn't Verified!

In order to create a playlist on Sporcle, you need to verify the email address you used during registration. Go to your Sporcle Settings to finish the process.

Report this User

Report this user for behavior that violates our Community Guidelines.

Details: